000 005090000a22001810004500
041 0 _aENG
082 0 4 _aG 232 S5286i
100 1 _aShank, Robert (1918-)
245 1 0 _aLife in the Son : a study of the doctrine of perseverance/ Robert Shank
260 _aSpringfield, Missouri, USA : Westcott
300 _a380 Pag
650 1 4 _aPERSEVERANCIA (TEOLOGIA)
001 3999
942 _cBK
999 _c34617
_d34617
336 _atexto
_btxt
_2rdacontent
337 _2rdamedia
_asin mediación
_bn
338 _2rdacarrier
_avolumen
_bnc